| 000 | 02392nam0a2200385 4500 | ||
|---|---|---|---|
| 001 | RU\NLR\BIBL_A\022555740 | ||
| 005 | 20260420045246.0 | ||
| 010 |
_a978-5-98492-556-3 _970 |
||
| 021 |
_aRU _bКН-П-25-021228 _9КН-П-25-2150 |
||
| 035 | _a(NLR Aleph) 022555740 | ||
| 090 |
_a13674042 _c13674042 |
||
| 100 | _a20250602d2024 k y0rusy50 ca | ||
| 101 | 0 | _arus | |
| 102 | _aRU | ||
| 105 | _aac z 100yy | ||
| 181 | 0 |
_ai _bxxxe |
|
| 182 | 0 | _an | |
| 200 | 1 |
_aЧетырнадцатые открытые Абакумовские чтения _eсборник материалов всероссийской научно-практической конференции _fМинистерство образования Московской области, Государственное образовательное учреждение высшего образования Московской области "Государственный социально-гуманитарный университет" [и др.] _gсост. Г. В. Дроздова |
|
| 203 |
_aТекст _bвизуальный _cнепосредственный |
||
| 210 |
_aКоломна _cГСГУ _cКоломенская картинная галерея "Дом Озерова" _d2024 |
||
| 215 |
_a193 с. _cцв. ил., портр. _d21 |
||
| 320 | _aБиблиогр. в конце ст. | ||
| 600 | 1 |
_aАбакумов _bМ. Г. _f1948 - 2010 _gМихаил Георгиевич _jСъезды, совещания и т.п _91068335 _3RU\NLR\AUTH\6697212 |
|
| 606 | 1 |
_aИзобразительное искусство русское _jСъезды, совещания и т.п _92088103 _3RU\NLR\AUTH\661264120 |
|
| 606 | 1 |
_aМузееведение _jСъезды, совещания и т.п. _yРоссийская Федерация _92218636 _3RU\NLR\AUTH\6601565682 |
|
| 686 | 1 | _aЩ143(2Р=Рус)7-8Абакумов я431 | |
| 686 | 1 | _aЩ103(2Р=Рус)я431 | |
| 686 | 1 | _aЧ774(2Р)я431 | |
| 702 | 1 |
_aАбакумов _bМ. Г. _f1948-2010 _gМихаил Георгиевич _4570 |
|
| 710 | 1 | 2 |
_aОткрытые Абакумовские чтения _d14 _eКоломна _f2024 _92660441 _3RU\NLR\AUTH\880628073 |
| 942 | _cBOOK | ||
| 980 | _aNB | ||